عرض عادي عرض مارك
  • Matrix

مدخل مصطلح موضوعي

عدد التسجيلات المستخدمة في: 1

001 - رقم الضبط

  • حقل الضبط: 4515

003 - معرف رقم الضبط

  • حقل الضبط: OSt

005 - تاريخ ووقت أخر عملية

  • حقل الضبط: 20110914213220.0

008 - عناصر بيانات ثابتة الطول

  • حقل تحكم ثابت الطول: 110914|||a|||||| | ||| d

040 ## - مصدر الفهرسة

  • هيئة الفهرسة الأصلية: OSt
  • وكالة الكتابة: OSt

150 ## - مدخل-- مصطلح تاريخي

  • عنصر مدخل المصطلح الموضوعي او الاسم الجغرافي: Matrix
  • تفريع عام: Data processing.00

670 ## - بيانات المصدر موجوده

  • الاستشهاد بالمصدر: Work cat.: (OSt)935: Hartfiel, D. J. 4514, Matrix theory and applications with MATLAB /, c2001.